000 00843nam a2200229Ia 4500
008 130821s1998 sp gr spa
020 _a8476955049
040 _aCo-BoUCM
_bspa
041 0 0 _aspa
100 1 _aFernández González-Regueral,M. Angeles
_9157865
245 1 3 _aLa resolución por incumplimiento en las obligaciones bilaterales
_cM. Angeles Fernández González-Regueral
260 _aMadrid (España)
_bLa Ley-Actualidad
_c1998
300 _a626 páginas
490 _aColección Doctrina y jurisprudencia
_v30
504 _aIncluye bibliografía e índice
650 0 4 _aDerecho civil
_912711
650 0 4 _aDerecho civil
_zEspaña
_938004
650 0 4 _aDerecho privado
_9437
650 0 4 _aObligaciones (Derecho)
_zEspaña
_953368
942 _cLIBRO
_a8
_e1
_mF363r
_2DEWEY
_h346.0922
999 _c29482
_d29482